| 000 | 00978nam2a2200253 4500 | ||
|---|---|---|---|
| 001 | RU\NLR\BIBL_A\022119119 | ||
| 005 | 20240304144549.0 | ||
| 010 |
_a978-5-00218-763-8 _9300 |
||
| 021 |
_aRU _bКН-П-23-076673 _9КН-П-23-7745 |
||
| 035 | _a(NLR Aleph) 022119119 | ||
| 035 | _a(RuMoRGB)012403899 | ||
| 090 |
_a12801731 _c12801731 |
||
| 100 | _a20240130d2023 u y0rusy50 ca | ||
| 101 | 0 | _arus | |
| 102 | _aRU | ||
| 105 | _aa z 000gy | ||
| 200 | 1 | _aВздорные истины | |
| 210 | _d2023 | ||
| 215 |
_a234 с. _cил., портр. |
||
| 461 | 0 |
_1001RU\NLR\BIBL_A\012757433 _12001#$aТолпики$fТолп Вокин$gиллюстрации: Татьяна Лахонина$vКн. 3 _1700#1$aВокин$bТ.$gТолп$3RU\NLR\AUTH\770215261 _913051562 _aВокин, Т. _cМосква _d2021 _fТолп Вокин _nПеро _tТолпики _y9785001896067 _vКн. 3 |
|
| 942 | _cBOOK | ||
| 980 | _aNB | ||